000 00864nam0a22002411 4500
001 rc\2913062
005 20110808192801.2
035 _a(NLR Aleph) 007063642
090 _a6310805
_c6310805
100 _a20110808d1937 |||y0rusy50 ca
101 0 _arus
102 _aRU
105 _aa z |||||
200 1 _aВодоросли и археоциаты древнейших толщ Потехинского планшета Хакассии
210 _aТомск
_cБ. и.
_d1937
215 _a[2], 51 с., 21 л. табл.
_cил., табл.
300 _aВ кн.: Материалы по геологии Красноярского края. Т. 3
700 1 _aКраснопеева
_bП. С.
_f1898-
_gПиама Степановна
801 0 _aRU
_bNLR
_gpsbo
801 1 _aRU
_bELAR
_2rusmarc
852 _aNLR
_j37-19/203(3)
942 _cBOOK
980 _aNB